000 01750nam a2200253 a 4500
001 000000736
005 20250621074003.0
008 090429s2002 dr d 000 0 spa d
020 _a9993480428
020 _a9789993480426
040 _aDO-SdBNP
_bspa
_cBNPHU
082 _a328.7293
_bC965d
100 1 _aCueto Villamán, Francisco
_92507
245 1 0 _aDiputados y diputadas de República Dominicana :
_bactitudes, valores y percepciones políticas /
_cFrancisco Cueto Villamán ; Manuel Alcántara Sáez.
260 _aSanto Domingo :
_bCentro de Estudios Sociales P. Juan Montalvo,
_c2002.
300 _a112 p. :
_bgráf. ;
_c23 cm.
505 0 _tPresentación --
_gCapítulo 1.--
_tEstructura de los datos --
_tFicha técnica --
_gCapítulo 2.--
_tLa Cámara de Diputados --
_tIndicadores sociodemográficos --
_tCapítulo 4.--
_tActitudes religiosas e identificación ideológica --
_tCapítulo 5.--
_tSocialización y profesionalización política --
_tCapítulo 6.--
_tMotivaciones y actitudes hacia la vida parlamentaria --
_gCapítulo 7.--
_tValoraciones y percepciones sobre la democracia --
_tCapítulo 8.--
_tRégimen político --
_gCapítulo 9.--
_tPartidos y actividades parlamentarias --
_gCapítulo 10.--
_tProblemas para la gobernabilidad democrática--
_gCapítulo 11.--
_tPapel de Estado en la economía --
_tCapítulo 12.--
_tFuerzas Armadas --
_gCapítulo 13.--
_tPolítica internacional.
590 _aInventariado, 2018/BT
610 1 4 _aREPÚBLICA DOMINICANA.
_bCONGRESO NACIONAL.
_bCÁMARA DE DIPUTADOS
_vESTADÍSTICAS
_92508
650 4 _aLegisladores
_zRepública Dominicana
_vESTADÍSTICAS
_92509
651 0 _aRepública Dominicana
_xPolítica y gobierno
_945
700 1 2 _aAlcántara Sáez, Manuel
_92510
910 _aValidado. Control de calidad. MFF
999 _c732
_d732